000 00295 a2200133 4500
001 155844
040 _cEscola São Tomás de Aquino
100 _aGAUTHIER, Maxmilien
240 1 0 _aLouvre I Paris
_lpor
245 1 0 _aLouvre I Paris
300 _a151
697 _aGENERALIDADES
942 _cBK
999 _c155844
_d155844